<?xml version="1.0" encoding="UTF-8"?>
<record
    xmlns:xsi="http://www.w3.org/2001/XMLSchema-instance"
    xsi:schemaLocation="http://www.loc.gov/MARC21/slim http://www.loc.gov/standards/marcxml/schema/MARC21slim.xsd"
    xmlns="http://www.loc.gov/MARC21/slim">

  <leader>03440nam a2200505Ii 4500</leader>
  <controlfield tag="001">DIGEUDE080</controlfield>
  <controlfield tag="003">NyNyDIG</controlfield>
  <controlfield tag="008">160429t20122012ag      ob    000 0 spa d</controlfield>
  <controlfield tag="006">m     o  d        </controlfield>
  <controlfield tag="007">cr |||||||||||</controlfield>
  <datafield tag="035" ind1=" " ind2=" ">
    <subfield code="a">(OCoLC)948336192</subfield>
  </datafield>
  <datafield tag="040" ind1=" " ind2=" ">
    <subfield code="a">DGITA</subfield>
    <subfield code="b">eng</subfield>
    <subfield code="e">rda</subfield>
    <subfield code="e">pn</subfield>
    <subfield code="c">DGITA</subfield>
  </datafield>
  <datafield tag="020" ind1=" " ind2=" ">
    <subfield code="a">9789502320243</subfield>
    <subfield code="q">(eBook ;</subfield>
    <subfield code="q">ePub)</subfield>
  </datafield>
  <datafield tag="020" ind1=" " ind2=" ">
    <subfield code="a">9502320247</subfield>
    <subfield code="q">(eBook ;</subfield>
    <subfield code="q">ePub)</subfield>
  </datafield>
  <datafield tag="020" ind1=" " ind2=" ">
    <subfield code="z">9789502318752</subfield>
  </datafield>
  <datafield tag="020" ind1=" " ind2=" ">
    <subfield code="z">9502318757</subfield>
  </datafield>
  <datafield tag="043" ind1=" " ind2=" ">
    <subfield code="a">s-ag---</subfield>
  </datafield>
  <datafield tag="050" ind1="1" ind2="4">
    <subfield code="a">PN5007.P6 eBook</subfield>
  </datafield>
  <datafield tag="082" ind1="0" ind2="4">
    <subfield code="a">070.4493240982</subfield>
    <subfield code="2">23</subfield>
  </datafield>
  <datafield tag="245" ind1="0" ind2="0">
    <subfield code="a">Voces y silencios :</subfield>
    <subfield code="b">la prensa argentina y la dictadura militar (1976-1983) /</subfield>
    <subfield code="c">Jorge Saborido y Marcelo Borrelli (coordinadores).</subfield>
  </datafield>
  <datafield tag="250" ind1=" " ind2=" ">
    <subfield code="a">1o edici&#xF3;n.</subfield>
  </datafield>
  <datafield tag="264" ind1=" " ind2="1">
    <subfield code="a">Ciudad de Buenos Aires :</subfield>
    <subfield code="b">Eudeba, Editorial Universitaria de Buenos Aires,</subfield>
    <subfield code="c">septiembre de 2012.</subfield>
  </datafield>
  <datafield tag="264" ind1=" " ind2="4">
    <subfield code="c">&#xA9;2012</subfield>
  </datafield>
  <datafield tag="300" ind1=" " ind2=" ">
    <subfield code="a">1 online resource.</subfield>
  </datafield>
  <datafield tag="336" ind1=" " ind2=" ">
    <subfield code="a">text</subfield>
    <subfield code="b">txt</subfield>
    <subfield code="2">rdacontent</subfield>
  </datafield>
  <datafield tag="337" ind1=" " ind2=" ">
    <subfield code="a">computer</subfield>
    <subfield code="b">c</subfield>
    <subfield code="2">rdamedia</subfield>
  </datafield>
  <datafield tag="338" ind1=" " ind2=" ">
    <subfield code="a">online resource</subfield>
    <subfield code="b">cr</subfield>
    <subfield code="2">rdacarrier</subfield>
  </datafield>
  <datafield tag="490" ind1="1" ind2=" ">
    <subfield code="a">Temas de comunicaci&#xF3;n</subfield>
  </datafield>
  <datafield tag="504" ind1=" " ind2=" ">
    <subfield code="a">Includes bibliographical references.</subfield>
  </datafield>
  <datafield tag="505" ind1="0" ind2=" ">
    <subfield code="a">Los diarios -- Una "batalla ganada" : Clar&#xED;n y la compra de Papel Prensa (1976-1978) / Marcelo Borrelli -- "El diario de Massera" : convicci&#xF3;n durante la dictadura militar / Marcelo Borrelli y Jorge Saborido -- Entre la guerra sucia y la guerra de Malvinas, la guerra que no fue : los medios y el conflicto del Beagle (1977-1982) / C&#xE9;sar L. D&#xED;az, Mario J. Gim&#xE9;nez y Mar&#xED;a M. Passaro -- El choque de los paradigmas y la muerte del diario La opini&#xF3;n de Jacobo Timerman : una historia que contin&#xFA;a / Fernando J. Ruiz -- La Naci&#xF3;n y Clar&#xED;n frente a la violencia pol&#xED;tica (1976-1980) : dos casos de periodismo hermesiano / C&#xE9;sar L. D&#xED;az -- Las revistas : la prensa cat&#xF3;lica -- "Por la naci&#xF3;n contra el caos" : la revista Cabildo y el "proceso de reorganizaci&#xF3;n nacional" / Jorge Saborido -- Criterio frente al golpe de Estado de 1976 : una apuesta a la salida institucional / Marcelo Borrelli -- Esqui&#xFA;-Color ante el proceso de apertura pol&#xED;tica (1981-1982) : de la democracia tutelada a la reconciliac&#xED;on nacional / Mercedes A. Gonz&#xE1;lez -- La prensa pol&#xED;tica : el informe de la CIDH y su repercusi&#xF3;n en la prensa pol&#xED;tica (1979-1980) : los casos de Confirmado, Redacci&#xF3;n y Extra / Dami&#xE1;n D&#xED;az y Mercedes Saborido -- Ascenso y ca&#xED;da de un "interlocutor v&#xE1;lido" : Confirmado (1976-1978) / Mar&#xED;a Sol Porta -- Somos y Gente frente a la guerra de Malvinas : dos miradas en una misma editorial / Mar&#xED;a Paula Gago y Jorge Saborido.</subfield>
  </datafield>
  <datafield tag="588" ind1="0" ind2=" ">
    <subfield code="a">Online resource; title from PDF title page (Digitalia, viewed April 29, 2016)</subfield>
  </datafield>
  <datafield tag="650" ind1=" " ind2="0">
    <subfield code="a">Press and politics</subfield>
    <subfield code="z">Argentina</subfield>
    <subfield code="x">History</subfield>
    <subfield code="y">20th century.</subfield>
  </datafield>
  <datafield tag="651" ind1=" " ind2="0">
    <subfield code="a">Argentina</subfield>
    <subfield code="x">Politics and government</subfield>
    <subfield code="y">1955-1983.</subfield>
  </datafield>
  <datafield tag="650" ind1=" " ind2="0">
    <subfield code="a">Human rights</subfield>
    <subfield code="x">Press coverage</subfield>
    <subfield code="z">Argentina.</subfield>
  </datafield>
  <datafield tag="655" ind1=" " ind2="0">
    <subfield code="a">Electronic books.</subfield>
  </datafield>
  <datafield tag="700" ind1="1" ind2=" ">
    <subfield code="a">Saborido, Jorge,</subfield>
    <subfield code="e">editor.</subfield>
  </datafield>
  <datafield tag="700" ind1="1" ind2=" ">
    <subfield code="a">Borrelli, Marcelo,</subfield>
    <subfield code="d">1976-</subfield>
    <subfield code="e">editor.</subfield>
  </datafield>
  <datafield tag="791" ind1="2" ind2=" ">
    <subfield code="a">Digitalia (Firm),</subfield>
    <subfield code="e">distributor.</subfield>
  </datafield>
  <datafield tag="793" ind1="0" ind2=" ">
    <subfield code="g">Digitalia eBook Collection:</subfield>
    <subfield code="a">Eudeba</subfield>
  </datafield>
  <datafield tag="776" ind1="0" ind2="8">
    <subfield code="i">Print version:</subfield>
    <subfield code="t">Voces y silencios.</subfield>
    <subfield code="b">1o ed.</subfield>
    <subfield code="d">Ciudad de Buenos Aires : Eudeba, 2011</subfield>
    <subfield code="z">9789502318752</subfield>
    <subfield code="w">(DLC)  2012377101</subfield>
    <subfield code="w">(OCoLC)793328376</subfield>
  </datafield>
  <datafield tag="830" ind1=" " ind2="0">
    <subfield code="a">Temas (Editorial Universitaria de Buenos Aires).</subfield>
    <subfield code="p">Comunicaci&#xF3;n.</subfield>
  </datafield>
  <datafield tag="856" ind1="4" ind2="0">
    <subfield code="3">Digitalia Hisp&#xE1;nica</subfield>
    <subfield code="u">https://www.digitaliapublishing.com/a/32586/</subfield>
  </datafield>
  <datafield tag="910" ind1=" " ind2=" ">
    <subfield code="a">Premium Collection: 2016</subfield>
  </datafield>
  <datafield tag="942" ind1=" " ind2=" ">
    <subfield code="c">RAA</subfield>
  </datafield>
  <datafield tag="952" ind1=" " ind2=" ">
    <subfield code="0">0</subfield>
    <subfield code="1">0</subfield>
    <subfield code="4">0</subfield>
    <subfield code="7">0</subfield>
    <subfield code="8">DEH</subfield>
    <subfield code="a">BD-UIN</subfield>
    <subfield code="b">BD-UIN</subfield>
    <subfield code="d">2025-04-25</subfield>
    <subfield code="l">0</subfield>
    <subfield code="r">2025-04-25</subfield>
    <subfield code="w">2025-04-25</subfield>
    <subfield code="y">RAA</subfield>
  </datafield>
  <datafield tag="999" ind1=" " ind2=" ">
    <subfield code="c">241426</subfield>
    <subfield code="d">241426</subfield>
  </datafield>
</record>
